| 000 | 00518nam a2200181 a 4500 | ||
|---|---|---|---|
| 005 | 20140310183228.0 | ||
| 008 | 040311s19uu xx 00 eng d | ||
| 050 |
_aPS 3554 _b.D676 1983 |
||
| 100 | _aDonaldson, Stephen | ||
| 245 |
_aWhite gold wielder / _cStephen Donaldson. |
||
| 260 |
_aNew York : _bBallantine Books, _c1983. |
||
| 300 |
_a485p. : _c21cm. |
||
| 500 | _a"Book three of the second chronicles of Thomas of covenant | ||
| 650 | _aFiction | ||
| 650 | _aFiction | ||
| 942 |
_cBK _2lcc |
||
| 999 |
_c20443 _d20443 |
||